One West Bromwich Albion Player by Nation - Statistics

General Stats
  • This quiz has been taken 220 times
    207 since last reset
  • The average score is 8 of 15
Answer Stats
Nation Player % Correct
Northern Ireland Chris Brunt | Gareth McAuley | Jonny Evans | +1 other
81%
Belgium Romelu Lukaku | Nacer Chadli | Sébastien Pocognoli | +1 other
80%
Scotland James Morrison | Graham Dorrans | Darren Fletcher | +7 others
79%
Ireland James McClean | Shane Long | Steven Reid | +7 others
77%
Nigeria Peter Odemwingie | Victor Anichebe | Nwankwo Kanu | +3 others
72%
Wales Boaz Myhill | Andy Johnson | Hal Robson-Kanu | +4 others
65%
Sweden Jonas Olsson | Markus Rosenberg
57%
Argentina Claudio Yacob | Juan Carlos Menseguez | Sebastián Blanco
48%
Poland Tomasz Kuszczak | Grzegorz Krychowiak | Kamil Grosicki
47%
France Marc-Antoine Fortuné | Morgan Amalfitano | Nicolas Anelka
43%
Cameroon Allan Nyom | Somen Tchoyi
33%
Spain Borja Valero | Pablo Ibáñez
27%
Slovakia Igor Bališ | Marek Čech | Ján Kozák
24%
Netherlands Gianni Zuiverloon | Ryan Donk | Sherjill MacDonald
19%
Denmark Martin Albrechtsen | Thomas Gaardsøe
15%
No matching quizzes found
Score Distribution
Percent of People with Each Score
Percentile by Number Answered
Your Score History
You have not taken this quiz since the last reset